| 000 | 00345nam a22001457a 4500 | ||
|---|---|---|---|
| 999 |
_c15645 _d15645 |
||
| 003 | OSt | ||
| 008 | 190522b ||||| |||| 00| 0 eng d | ||
| 020 | _a9788192954219 | ||
| 082 | _a627.02 VER/AG | ||
| 100 |
_aVerma, P _94131 |
||
| 245 | _aAgriculture and Water Management | ||
| 260 |
_aDelhi _bAmiga Press.INC |
||
| 300 | _a216 p. | ||
| 942 | _cBK | ||